• 首页
  • 本馆介绍
  • 公告通知
  • 最新文献
  • 馆藏检索
  • 电子资源
  • 读者导购
  • 参考咨询
  • 我的图书馆
  • 登录
  • 详细信息显示
  • 放入我的书架
  • 预约/预借图书
  • 作者相关作品
  • 分类相关作品
  • 丛书相关作品
  • 出版社相关作品

书目信息

  • 表格格式
  • 工作单格式
  • 卡片格式
题名:
闻见近录
    
 
作者: 王巩 著
分册:  
出版信息: 北京   中华书局  
页数: 全一册
开本: 20*15cm
丛书名: 古逸丛书三编
单 册:
中图分类: K244.06
科图分类: 44.5311
主题词: 中国--历史 , 笔记小说--中国--两宋时代--选集
电子资源:
ISBN:
000 00910nam2 2200313 45
001 0197104044
005 20061025103647.28
010    @b线装@dCNY35.00(全套)
100    @a19960828e1995 kemy0chiy0121 ea
101 0  @achi
102    @aCN@b110000
102    @aCN@b320000
105    @ay z 000ay
200 10 @a闻见近录@Awen jian jin lu@f(宋)王巩著@F( SONG ) WANG GONG ZHU
205    @b影印本
210    @a北京@c中华书局
215    @a全一册@d20*15cm
225 2  @a古逸丛书三编@h八
300    @a第一至第二册为一函,共一函,包括《甲申杂记》一卷、《闻见近录》一卷
305    @a本书为中华书局据北京图书馆藏南宋刻本影印本
410  0 @120010@a笔记小说大观
410  0 @12001 @a古逸丛书三编
606 0  @a中国@x历史
606    @a笔记小说@y中国@z两宋时代@x选集
690    @aK244.06@v3
692    @a44.5311
701  0 @a王巩@AWANG GONG@4著
801  0 @aCN@bTSSF@c20061025
905    @a10447@dK244.06@e27:2
    
    闻见近录/(宋)王巩著.-影印本.-北京:中华书局
    全一册;20*15cm.-(古逸丛书三编.八)
    第一至第二册为一函,共一函,包括《甲申杂记》一卷、《闻见近录》一卷
    
    ISBN (线装):CNY35.00(全套)
    
●
相关链接 在E读中查询图书 在五车中查询图书 在当当中查询图书 在豆瓣中查询图书


正题名:闻见近录     索取号:K244.06/27:2         预约/预借

序号 登录号 条形码 馆藏地/架位号 状态 备注
1 0223259   202425544   古籍典藏专区/ [索取号:K244.06/27:2] 在馆    
唐山师范学院图书馆 欢迎您!
大连网信软件有限公司© 版权所有